<?xml version="1.0" encoding="UTF-8"?>
<record
    xmlns:xsi="http://www.w3.org/2001/XMLSchema-instance"
    xsi:schemaLocation="http://www.loc.gov/MARC21/slim http://www.loc.gov/standards/marcxml/schema/MARC21slim.xsd"
    xmlns="http://www.loc.gov/MARC21/slim">

  <leader>01870nam1a22003251i 4500</leader>
  <controlfield tag="001">v19\rc\1683865</controlfield>
  <controlfield tag="005">20260407065437.0</controlfield>
  <datafield tag="035" ind1=" " ind2=" ">
    <subfield code="a">(NLR Aleph) 005219394</subfield>
  </datafield>
  <datafield tag="090" ind1=" " ind2=" ">
    <subfield code="a">5489860</subfield>
    <subfield code="c">5489860</subfield>
  </datafield>
  <datafield tag="100" ind1=" " ind2=" ">
    <subfield code="a">20061002d1896    |||y0rusy50      ca</subfield>
  </datafield>
  <datafield tag="101" ind1="1" ind2=" ">
    <subfield code="a">rus</subfield>
    <subfield code="c">ger</subfield>
  </datafield>
  <datafield tag="102" ind1=" " ind2=" ">
    <subfield code="a">RU</subfield>
  </datafield>
  <datafield tag="105" ind1=" " ind2=" ">
    <subfield code="a">    z   |||||</subfield>
  </datafield>
  <datafield tag="200" ind1="1" ind2=" ">
    <subfield code="a">&#x416;&#x438;&#x437;&#x43D;&#x44C; &#x436;&#x438;&#x432;&#x43E;&#x442;&#x43D;&#x44B;&#x445; &#x411;&#x440;&#x44D;&#x43C;&#x430;</subfield>
    <subfield code="e">[&#x421;&#x43E;&#x43A;&#x440;. &#x438;&#x437;&#x434;. &#x434;&#x43B;&#x44F; &#x448;&#x43A;. &#x438; &#x434;&#x43E;&#x43C;. &#x447;&#x442;&#x435;&#x43D;&#x438;&#x44F;]</subfield>
    <subfield code="e">&#x41F;&#x43E;&#x43B;&#x43D;. &#x43F;&#x435;&#x440;. &#x441;&#x43E; 2-&#x433;&#x43E; &#x43D;&#x435;&#x43C;. &#x438;&#x437;&#x434;., &#x432;&#x43D;&#x43E;&#x432;&#x44C; &#x43E;&#x431;&#x440;&#x430;&#x431;. &#x420;&#x438;&#x445;&#x430;&#x440;&#x434;&#x43E;&#x43C; &#x428;&#x43C;&#x438;&#x434;&#x442;&#x43B;&#x435;&#x439;&#x43D;&#x43E;&#x43C; &#x434;&#x43B;&#x44F; &#x448;&#x43A;. &#x438; &#x434;&#x43E;&#x43C;&#x430;&#x448;. &#x447;&#x442;&#x435;&#x43D;&#x438;&#x44F;, &#x43F;&#x43E;&#x434; &#x440;&#x435;&#x434;. &#x43F;&#x440;&#x43E;&#x444;. &#x421;&#x43F;&#x431;. &#x443;&#x43D;-&#x442;&#x430; &#x410;.&#x421;. &#x414;&#x43E;&#x433;&#x435;&#x43B;&#x44F; (&#x441; 401 &#x441;.) &#x438; &#x41F;.&#x424;. &#x41B;&#x435;&#x441;&#x433;&#x430;&#x444;&#x442;&#x430; (&#x434;&#x43E; 160 &#x441;.)</subfield>
    <subfield code="f">&#x421; 10 &#x445;&#x440;&#x43E;&#x43C;&#x43E;&#x43B;&#x438;&#x442;., 16 &#x447;&#x435;&#x440;&#x43D;. &#x442;&#x430;&#x431;&#x43B;. &#x438; 221 &#x440;&#x438;&#x441;. &#x432; &#x442;&#x435;&#x43A;&#x441;&#x442;&#x435;, &#x438;&#x441;&#x43F;&#x43E;&#x43B;&#x43D;. &#x41B;. &#x411;&#x435;&#x43A;&#x43C;&#x430;&#x43D;&#x43E;&#x43C;, &#x412;. &#x41A;&#x430;&#x43C;&#x43F;&#x433;&#x430;&#x443;&#x437;&#x435;&#x43D;&#x43E;&#x43C;, &#x410;. &#x41A;&#x440;&#x435;&#x447;&#x43C;&#x435;&#x440;&#x43E;&#x43C; ... [&#x438; &#x434;&#x440;.]</subfield>
  </datafield>
  <datafield tag="210" ind1=" " ind2=" ">
    <subfield code="a">&#x421;&#x430;&#x43D;&#x43A;&#x442;-&#x41F;&#x435;&#x442;&#x435;&#x440;&#x431;&#x443;&#x440;&#x433;</subfield>
    <subfield code="c">&#x41F;&#x440;&#x43E;&#x441;&#x432;&#x435;&#x449;&#x435;&#x43D;&#x438;&#x435;</subfield>
    <subfield code="d">1896</subfield>
  </datafield>
  <datafield tag="215" ind1=" " ind2=" ">
    <subfield code="a">3 &#x442;.</subfield>
    <subfield code="d">26</subfield>
  </datafield>
  <datafield tag="225" ind1="1" ind2=" ">
    <subfield code="a">&#x412;&#x441;&#x44F; &#x43F;&#x440;&#x438;&#x440;&#x43E;&#x434;&#x430;</subfield>
  </datafield>
  <datafield tag="700" ind1=" " ind2="1">
    <subfield code="8">rus</subfield>
    <subfield code="7">ca</subfield>
    <subfield code="a">&#x411;&#x440;&#x435;&#x43C;</subfield>
    <subfield code="b">&#x410;. &#x42D;.</subfield>
    <subfield code="f">1829-1884</subfield>
    <subfield code="g">&#x410;&#x43B;&#x44C;&#x444;&#x440;&#x435;&#x434; &#x42D;&#x434;&#x43C;&#x443;&#x43D;&#x434;</subfield>
    <subfield code="3">RU\NLR\AUTH\7716106</subfield>
    <subfield code="9">125748</subfield>
  </datafield>
  <datafield tag="702" ind1=" " ind2="1">
    <subfield code="a">&#x428;&#x43C;&#x438;&#x434;&#x442;&#x43B;&#x435;&#x439;&#x43D;</subfield>
    <subfield code="b">&#x420;.</subfield>
    <subfield code="g">&#x420;&#x438;&#x445;&#x430;&#x440;&#x434;</subfield>
    <subfield code="4">570</subfield>
  </datafield>
  <datafield tag="702" ind1=" " ind2="1">
    <subfield code="4">340</subfield>
    <subfield code="8">rus</subfield>
    <subfield code="7">ca</subfield>
    <subfield code="a">&#x414;&#x43E;&#x433;&#x435;&#x43B;&#x44C;</subfield>
    <subfield code="b">&#x410;. &#x421;.</subfield>
    <subfield code="f">1852-1922</subfield>
    <subfield code="g">&#x410;&#x43B;&#x435;&#x43A;&#x441;&#x430;&#x43D;&#x434;&#x440; &#x421;&#x442;&#x430;&#x43D;&#x438;&#x441;&#x43B;&#x430;&#x432;&#x43E;&#x432;&#x438;&#x447;</subfield>
    <subfield code="3">RU\NLR\AUTH\7792907</subfield>
    <subfield code="9">75833</subfield>
  </datafield>
  <datafield tag="702" ind1=" " ind2="1">
    <subfield code="4">340</subfield>
    <subfield code="8">rus</subfield>
    <subfield code="7">ca</subfield>
    <subfield code="a">&#x41B;&#x435;&#x441;&#x433;&#x430;&#x444;&#x442;</subfield>
    <subfield code="b">&#x41F;. &#x424;.</subfield>
    <subfield code="f">1837-1909</subfield>
    <subfield code="g">&#x41F;&#x435;&#x442;&#x440; &#x424;&#x440;&#x430;&#x43D;&#x446;&#x435;&#x432;&#x438;&#x447;</subfield>
    <subfield code="3">RU\NLR\AUTH\77114222</subfield>
    <subfield code="9">97147</subfield>
  </datafield>
  <datafield tag="702" ind1=" " ind2="1">
    <subfield code="a">&#x411;&#x435;&#x43A;&#x43C;&#x430;&#x43D;</subfield>
    <subfield code="b">&#x41B;.</subfield>
    <subfield code="f">1822-1902</subfield>
    <subfield code="g">&#x41B;&#x44E;&#x434;&#x432;&#x438;&#x433;</subfield>
    <subfield code="4">440</subfield>
  </datafield>
  <datafield tag="702" ind1=" " ind2="1">
    <subfield code="a">&#x41A;&#x430;&#x43C;&#x43F;&#x433;&#x430;&#x443;&#x437;&#x435;&#x43D;</subfield>
    <subfield code="b">&#x412;.</subfield>
    <subfield code="4">440</subfield>
  </datafield>
  <datafield tag="702" ind1=" " ind2="1">
    <subfield code="4">440</subfield>
    <subfield code="8">rus</subfield>
    <subfield code="7">ca</subfield>
    <subfield code="a">&#x41A;&#x440;&#x435;&#x447;&#x43C;&#x435;&#x440;</subfield>
    <subfield code="b">&#x420;.</subfield>
    <subfield code="f">1818-1872</subfield>
    <subfield code="g">&#x420;&#x43E;&#x431;&#x435;&#x440;&#x442;</subfield>
    <subfield code="3">RU\NLR\AUTH\77114753</subfield>
    <subfield code="9">97678</subfield>
  </datafield>
  <datafield tag="801" ind1=" " ind2="0">
    <subfield code="a">RU</subfield>
    <subfield code="b">NLR</subfield>
    <subfield code="c">20061002</subfield>
    <subfield code="g">psbo</subfield>
  </datafield>
  <datafield tag="801" ind1=" " ind2="0">
    <subfield code="a">RU</subfield>
    <subfield code="b">RuMoRGB</subfield>
    <subfield code="c">20061002</subfield>
    <subfield code="2">psbo</subfield>
  </datafield>
  <datafield tag="801" ind1=" " ind2="1">
    <subfield code="a">RU</subfield>
    <subfield code="b">ProSoft-M</subfield>
    <subfield code="c">20061002</subfield>
    <subfield code="2">rusmarc</subfield>
  </datafield>
  <datafield tag="801" ind1=" " ind2="2">
    <subfield code="a">RU</subfield>
    <subfield code="b">NLR</subfield>
    <subfield code="c">20070124</subfield>
    <subfield code="2">rusmarc</subfield>
  </datafield>
  <datafield tag="852" ind1=" " ind2=" ">
    <subfield code="a">NLR</subfield>
    <subfield code="j">&#x417;-02/&#x411;-7/6</subfield>
  </datafield>
  <datafield tag="942" ind1=" " ind2=" ">
    <subfield code="c">BOOK</subfield>
  </datafield>
</record>
